| 000 | 00564nam a2200217 a 4500 | ||
|---|---|---|---|
| 999 |
_c5559 _d5559 |
||
| 001 | 5559 | ||
| 003 | BD-JhCC | ||
| 005 | 20171218104916.0 | ||
| 008 | 171218s1965 e a|||| || | 001 0 eng d | ||
| 035 | _a(BD-JhCC)5559 | ||
| 040 |
_aBD-JhCC _dBD-JhCC |
||
| 041 | _aeng | ||
| 082 |
_a570 _bGRE 1965 |
||
| 100 | _aGreen, T. L. | ||
| 245 |
_aThe Teaching of Biology in Tropical Secondary Schools / _cT. L. Green, |
||
| 260 |
_aLondon : _bOxford University Press, _c1965. |
||
| 300 |
_a392 p. : _c21 cm. |
||
| 650 | _aBiology | ||
| 942 |
_2ddc _cBK |
||